MARC

LEADER 00000nam0a2200000 4500
001 319244
005 20231102003148.0
035 |a (RuTPU)RU\TPU\book\344752 
090 |a 319244 
100 |a 20160524d1959 km y0rusy50 ca 
101 0 |a rus 
102 |a RU 
105 |a a z 001zy 
200 1 |a Новое в обогащении угля  |e сборник статей  |f Центральный научно-исследовательский институт экономики и научно-технической информации угольной промышленности (ЦНИЭИУголь) 
210 |a Москва  |c Углетехиздат  |d 1959 
215 |a 36 с.  |c ил. 
225 1 |a Углеобогащение и брикетирование 
320 |a Библиогр.: с. 35 
606 1 |a Уголь  |x Обогащение  |2 stltpush  |3 (RuTPU)RU\TPU\subj\62475  |9 79550 
610 1 |a углеобогатительные фабрики 
610 1 |a обезвоживание 
610 1 |a водношламовые схемы 
610 1 |a замкнутый цикл 
675 |a 622.7:622.333  |v 4 
712 0 2 |a Центральный научно-исследовательский институт экономики и научно-технической информации угольной промышленности (ЦНИЭИУголь)  |2 stltpush  |3 (RuTPU)RU\TPU\col\8481 
801 1 |a RU  |b 63413507  |c 20160524 
801 2 |a RU  |b 63413507  |c 20200730  |g RCR 
942 |c BK